000 00256nam a2200097Ia 4500
008 240331s9999 xx 000 0 und d
082 _bCEN
100 _aCenwor. ed
245 0 _aSecondnational convention on women's studies :
_bwomen in literature
942 _cL
999 _c5467
_d5467